| 000 | 00599nam a22002297a 4500 | ||
|---|---|---|---|
| 003 | DEla salle | ||
| 005 | 20140310183004.0 | ||
| 008 | 130209t xxu||||| |||| 00| 0 eng d | ||
| 020 | _a9710859242 | ||
| 050 |
_aPN 5424 _b.M295 1997 |
||
| 100 | _aMalinao, Alito L. | ||
| 245 |
_aJournalism for Filipinos / _cAlito L. Malinao. |
||
| 250 | _arev. ed. | ||
| 260 |
_aMetro Manila : _bNational Book Store, _c2003. |
||
| 300 |
_a443 p. : _c23 cm. _bill. ; |
||
| 521 | _aMC | ||
| 650 |
_aJournalism _vPhilippines |
||
| 942 |
_2lcc _cBK _kLOC |
||
| 999 |
_c18149 _d18149 |
||